| 000 | 00897nam a2200229Ia 4500 | ||
|---|---|---|---|
| 001 | L248-14999 | ||
| 003 | IT-CnALBA | ||
| 008 | 170116s9999||||xx |||||||||||||| ||und|| | ||
| 040 |
_aIT-CnALBA _cIT-CnALBA |
||
| 041 | _aITALIANO | ||
| 100 | _aBEVILACQUA GIULIO, ORATORIANO, CARDINALE | ||
| 245 | 0 | _aL'UOMO CHE CONOSCE IL SOFFRIRE. | |
| 250 | _a3a ed. | ||
| 260 |
_a ROMA. VERONA _bSTUDIUM EDITRICE _c1942 [1° Ed.:1937 - Ed.Ling.Originale: 1937] |
||
| 300 | _a192 p. (prefazione: 7) | ||
| 500 | _aPREFAZIONE DI IGINO GIORDANI. GESÙ, L'UOMO DEL DOLORE. VILIPESO. IMMORTALE. TESTIMONI. | ||
| 501 | _aSocietà San Paolo EM - Piazza San Paolo, 14 - 12051 ALBA (CN) (non commercial uses only) ® Copyright 2017 | ||
| 520 | _aPREFAZIONE DI IGINO GIORDANI. GESÙ, L'UOMO DEL DOLORE. VILIPESO. IMMORTALE. TESTIMONI. | ||
| 650 | _aASCETICA E MISTICA | ||
| 942 | _cBK | ||
| 957 | _71 | ||
| 999 |
_a19749 _bSI _g Copie: 1 _c274168 _d274168 |
||